| 000 | 00612nam a22001937a 4500 | ||
|---|---|---|---|
| 999 |
_c193385 _d193385 |
||
| 005 | 20221027113937.0 | ||
| 010 | _aENG-135538 | ||
| 020 | _c250.00 | ||
| 035 | _aEN-119070 | ||
| 037 | _bDBAD/PUB | ||
| 082 | _a363.8095452 | ||
| 100 | _aGhosh, Kali Charan | ||
| 245 |
_aFamines in bengal: _b1770-1943/ _cby Kali Charan Ghosh |
||
| 260 |
_aKolkata _bThe national council of education _c2015 |
||
| 270 |
_a188, Raja Subodh mullick road _bKolkata _e700032 _k033-24146282 _mncebengal@gmail.com |
||
| 300 |
_a320p. _c22cm(hbk) |
||
| 505 | _aFamines in bengal | ||
| 942 |
_2ddc _cEN _mGHO _h363.8095452 |
||